000 01823cab a22002175a 4500
001 L147397
008 090508e009A0402xxk f v 000 0 eng d
035 _a(Sirsi) u147397
041 0 _aeng
245 0 0 _aCrooks v Newdigate Properties Ltd and Ors
_h[electronic resource]
260 _c2009
520 _a[2009] EWCA Civ 283, 2 April 2009. A debtor who pays a debt owed but it and another debtor should make sure it reserves any right to be reimbursed by the other debtor. Case concerned the extent to which the discharge of a liability by defendants under a court order had the effect of also discharging the same liability of another defendant, who was not party to the order. The appellant (M) appealed against a declaration that the liability of the respondent (G) under a judgement had been discharged in full by payment made to the claimant by the other defendants pursuant to a consent order so that the judgement could not be enforced by M as assignee. C took action against N and others because he said he had not been paid a finder's fee. The individuals defended the claim, except G. When the individuals agreed to pay C, this did not apply to G. The individuals sought to pursue G for his liability. Held: appeal dismissed. The Court found for G because his liability had been paid by the defendants, and they could not pursue him because it was outside the statutory limitation period.
590 _aKA
650 2 4 _aCIVIL LIABILITY (CONTRIBUTION) ACT 1978
650 2 4 _aLIMITATION ACT 1980 S10
650 2 4 _aCROOKS V NEWDIGATE PROPERTIES LTD AND ORS
651 4 _aEngland and Wales
_y1543-
690 _aPROPERTY-COMMERCIAL PROPERTY-COMMERCIAL PROPERTY MANAGEMENT
856 4 0 _uhttps://www.bailii.org.uk/ew/cases/EWCA/Civ/2009/283.html
_zView the preort online at www.bailii.org.uk...
942 _n0
999 _c81525
_d81525